000 01088nam a2200253Ia 4500
003 OSt
005 20220923224928.0
006 a|||||r|||| 00| 0
007 ta
008 220922b |||||||| |||| 00| 0 hin d
024 _a253,815
037 _cTextual
040 _aARTS
_cARTS
_bhin
041 _2hin
_ahin
082 _aO152,3N212w, M4
100 _aरेणु, फणीश्वरनाथ; यायावर, भारत, संपा.
245 0 _aश्रुत अश्रुत पूर्व* व्यक्तिगत निबन्ध, संस्मरण एवं रिपोर्ताज
246 _aShrut ashrut pūrva: vyaktigat nibandha, sansmaraṇ evan riportāja
260 _aनयी दिल्ली
_b राजकमल प्रकाशन
_c1984
300 _a160पृ.
_ccm.
650 _aहिन्दी साहित्य
_9156264
942 _hO152,3N212w, M4
_cTEXL
_2CC
999 _c374741
_d374741